000 00470nam a2200169 4500
003 OSt
005 20150511184633.0
008 150511b xxu||||| |||| 00| 0 eng d
040 _c040a
082 _a338.9
_bCIT 1991
245 _aCities, people and poverty:
_burban development cooperation for the 1990s /
260 _aNew York
_bUNDP
_c1991
300 _avi, 94p ;
_bill :
_c8 cm.
504 _aincludes index
650 _aUrban development
_94594
942 _2ddc
_cSLOAN
999 _c1743
_d1743